000 00969nam0a22002531 4500
001 rc\2605031
005 20260406122346.0
035 _a(NLR Aleph) 006769043
090 _a5924917
_c5924917
100 _a20110914d1930 |||y0rusy50 ca
101 0 _arus
102 _aRU
105 _ak z |||||
200 1 _aПроспект. 1930
_fЗаоч. счетно-экон. ин-т ОРУ
210 _aМосква
_cОРУ
_cМосполиграф
_d[1930]
_g13-я типо-цинк. "Мысль печатника"
215 _a17 с., из них 1 на обл., 1 отдельн. вкл. л. бланк анкеты
_d20х15 см.
300 _aБез тит. л. Описано по обложке
710 0 2 _aЗаочный счетно-экономический институт
_cМосква
_3RU\NLR\AUTH\8815005
_9303297
801 0 _aRU
_bNLR
_gpsbo
801 1 _aRU
_bELAR
_2rusmarc
852 _aNLR
_j30.10/2612
942 _cBOOK
980 _aNB